Revista de psicologia i pedagogia
Publicado:
Barcelona :
Institut Psicotècnic de la Generalitat : Seminari de Pedagogia de la Universitat ,
1933
Descripción Física:
9 volums : il·lustracions ; periodicitat trimestral ; 24 cm
Idioma:
Multiple languages
MARC
| LEADER | 00000nas a2200000 a 4500 | ||
|---|---|---|---|
| 001 | 13290, 13291, 13292, 13293, 13294, 13295, 13296, 13297, 13298, 28260, 28261 | ||
| 003 | AGDB | ||
| 005 | 20260324181507.0 | ||
| 008 | 221104d19331937spcqr|p| |||| 00| 0 mul d | ||
| 040 | |a agdb | ||
| 245 | |a Revista de psicologia i pedagogia | ||
| 260 | |a Barcelona : |b Institut Psicotècnic de la Generalitat : |b Seminari de Pedagogia de la Universitat, |c 1933-1937 | ||
| 300 | |a 9 volums : |b il·lustracions ; periodicitat trimestral ; |c 24 cm | ||
| 310 | |a Trimestral | ||
| 362 | |a Any 1, vol. 1, núm. 1 (febrer 1933) - Any 5, vol. 5, núm. 19 (agost 1937) | ||
| 504 | |a Referències bibliogràfiques. | ||
| 650 | |a Psicologia |x Revistes |9 30093 | ||
| 650 | |a Pedagogia |x Revistes |9 41411 | ||
| 655 | 0 | |9 55823 |a Revistes | |
| 710 | 2 | |9 54503 |a Institut Psicotècnic de la Generalitat de Catalunya |e entitat editora | |
| 710 | 1 | |a Universitat de Barcelona. |b Seminari de Pedagogia |e entitat editora |9 54504 | |
| 866 | |a Any 1, 1933 (1, núm. 1, 2, 3, 4) | ||
| 866 | |a any 2, 1934 (2, núm. 5, 6, 7, 8) | ||
| 866 | |a any 3, 1935 (3, núm. 9, 10, 11, 12) | ||
| 866 | |a any 4, 1936 (4, núm. 13 ; 5, núm. 14-15 ; 6, núm. 16) | ||
| 866 | |a any 5, 1937 (5, núm. 17, 18, 19) | ||
| 901 | |a Arxiu | ||
| 942 | |n 1 |2 udc |c REV | ||
| 952 | |0 0 |1 0 |4 0 |6 REV442 |7 1 |9 45260 |a Arxiu |b Arxiu |d 2016-12-01 |h Any 1, vol. 1, núm. 1 (febrer 1933) - Any 1, vol. 1, núm. 2 (maig 1933) |o Rev-442 |p 13290 |r 2016-12-01 00:00:00 |w 2016-12-01 |y ARXIU | ||
| 952 | |0 0 |1 0 |4 0 |6 REV443 |7 1 |9 64116 |a Arxiu |b Arxiu |d 2022-11-04 |h Any 1, vol. 1, núm. 3 (agost 1933) - Any 1, vol. 1, núm. 4 (novembre 1933) |l 0 |o Rev-443 |p 13291 |r 2022-11-04 00:00:00 |w 2022-11-04 |y ARXIU | ||
| 952 | |0 0 |1 0 |4 0 |6 REV444 |7 1 |9 64117 |a Arxiu |b Arxiu |d 2022-11-04 |h Any 2, vol. 2, núm. 5 (febrer 1934) - Any 2, vol. 2, núm. 6 (maig 1934) |l 0 |o Rev-444 |p 13292 |r 2022-11-04 00:00:00 |w 2022-11-04 |y ARXIU | ||
| 952 | |0 0 |1 0 |4 0 |6 REV445 |7 1 |9 64118 |a Arxiu |b Arxiu |d 2022-11-04 |h Any 2, vol. 2, núm. 7 (agost 1934) - Any 2, vol. 2, núm. 8 (novembre1934) |l 0 |o Rev-445 |p 13293 |r 2022-11-04 00:00:00 |w 2022-11-04 |y ARXIU | ||
| 952 | |0 0 |1 0 |4 0 |7 1 |9 64119 |a Arxiu |b Arxiu |d 2022-11-04 |h Any 3, vol. 3, núm. 9 (febrer 1935) - Any 3, vol. 3, núm. 10 (maig 1935) |o Rev-446 |p 13294 |r 2022-11-04 00:00:00 |w 2022-11-04 |y ARXIU | ||
| 952 | |0 0 |1 0 |4 0 |6 REV447 |7 1 |9 64120 |a Arxiu |b Arxiu |d 2022-11-04 |h Any 3, vol. 3, núm. 11 (agost 1935) - Any 3, vol. 3, núm. 12 (novembre 1935) |o Rev-447 |p 13295 |r 2022-11-04 00:00:00 |w 2022-11-04 |y ARXIU | ||
| 952 | |0 0 |1 0 |4 0 |6 REV448 |7 1 |9 64121 |a Arxiu |b Arxiu |d 2022-11-04 |h Any 4, vol. 4, núm. 13 (febrer 1936) - Any 4, vol. 4, núm. 16 (novembre 1936) |l 0 |o Rev-448 |p 13296 |r 2022-11-04 00:00:00 |w 2022-11-04 |y ARXIU | ||
| 952 | |0 0 |1 0 |4 0 |6 REV449 |7 1 |9 64122 |a Arxiu |b Arxiu |d 2022-11-04 |h Any 5, vol. 5, núm. 17 (febrer 1937) |l 0 |o Rev-449 |p 13297 |r 2022-11-04 00:00:00 |w 2022-11-04 |y ARXIU | ||
| 952 | |0 0 |1 0 |4 0 |7 1 |9 64123 |a Arxiu |b Arxiu |d 2022-11-04 |h Any 5, vol. 5, núm. 18 (maig 1937) - Any 5, vol. 5, núm. 19 (agost 1937) |o Rev-450 |p 13298 |r 2022-11-04 00:00:00 |w 2022-11-04 |y ARXIU | ||
| 952 | |0 0 |1 0 |4 0 |6 REV2305 |7 1 |9 96207 |a Arxiu |b Arxiu |d 2023-08-29 |h Núm. 1 (febrer 1933) - Núm. 8 (novembre 1934) |l 0 |o Rev-2305 |p 28260 |r 2023-08-29 00:00:00 |w 2023-08-29 |y ARXIU |z Duplicats | ||
| 952 | |0 0 |1 0 |4 0 |6 REV2306 |7 1 |9 96208 |a Arxiu |b Arxiu |d 2023-08-29 |h Núm. 9 (febrer 1935) - Núm. 19 (agost 1937) |l 0 |o Rev-2306 |p 28261 |r 2023-08-29 00:00:00 |w 2023-08-29 |y ARXIU |z Duplicats | ||
| 999 | |c 48334 |d 48334 | ||